000 01700cam a2200385 a 4500
001 16479169
005 20170105102920.0
008 100927s2010 nyu 000 f eng
010 _a 2010039678
015 _aGBB083983
_2bnb
016 7 _a015600681
_2Uk
020 _a9781401324025
035 _a(OCoLC)ocn665868583
040 _aDLC
_cDLC
_dYDX
_dCGB
_dJQW
_dUKM
_dBTCTA
_dYDXCP
_dUPZ
_dT7B
_dJZ6
_dZPX
_dILC
_dVP@
_dJAO
_dFN4
_dIGP
_dDLC
043 _an-us-ny
050 0 0 _aPS3600.A1
_bN36 2010
082 0 0 _a813/.6
_222
245 0 0 _aNaked heat /
_cRichard Castle.
250 _a1st ed.
260 _aNew York :
_bHyperion,
_c[2010]
300 _a290 p. ;
_c25 cm.
490 0 _aNikki Heat series ;
_vbk. 2
500 _aFictitiously attributed to Richard Castle, a character on the ABC television show, Castle.
520 _aWhen New York's most vicious gossip columnist, Cassidy Towne, is found dead, NYPD Homicide Detective Heat uncovers a gallery of high profile suspects, all with compelling motives for killing the most feared muckraker in Manhattan. Heat's murder investigation is complicated by her surprise reunion with superstar magazine journalist Jameson Rook.
650 0 _aWomen detectives
_zNew York (State)
_zNew York
_vFiction.
650 0 _aJournalists
_zNew York (State)
_zNew York
_vFiction.
650 0 _aMan-woman relationships
_vFiction.
650 0 _aMurder
_xInvestigation
_zNew York (State)
_zNew York
_vFiction.
651 0 _aNew York (N.Y.)
_vFiction.
655 7 _aMystery fiction.
_2gsafd
730 0 _aCastle (Television program)
906 _a7
_bcbc
_corignew
_d1
_eecip
_f20
_gy-gencatlg
942 _2ddc
_cBK
999 _c15553
_d15553